| 000 | 00998nam a22003610a 4500 | ||
|---|---|---|---|
| 001 | UByD001043 | ||
| 003 | AR-LpoUNG | ||
| 005 | 20221009154010.0 | ||
| 008 | 220929s1993||||ag |||||||||||||||||spa d | ||
| 020 | _a9509016861 | ||
| 040 |
_aAR-LpoUNG _bspa _cAR-LpoUNG _eaacr |
||
| 041 | _aspa | ||
| 044 | _aag | ||
| 082 | 0 | _a909 841soc | |
| 100 | 1 | _aFrasch, Carlos Alberto | |
| 245 | 1 | 3 |
_aLa sociedad posmoderna : _b¿desarme o defensa? |
| 250 | _a1ra ed. | ||
| 260 |
_aBuenos Aires : _bCentro Naval. Instituto de Publicaciones Navales, _c1993. |
||
| 300 |
_a125 p. : _bgráfs. |
||
| 650 | 4 | _aHISTORIA | |
| 650 | 4 | _aANTROLOPOLOGIA SOCIAL Y CULTURAL | |
| 650 | 4 | _aRELACION IGLESIA-ESTADO | |
| 650 | 4 | _aCAMBIO SOCIAL | |
| 650 | 4 | _aDESARROLLO SOCIAL | |
| 650 | 4 | _aDESARROLLO TECNOLOGICO | |
| 650 | 4 | _aHISTORIA SOCIAL | |
| 650 | 4 | _aPOLITICA | |
| 650 | 4 | _aREFORMA SOCIAL | |
| 650 | 4 | _aCAMBIO TECNOLOGICO | |
| 650 | 4 | _aASPECTOS EDUCATIVOS | |
| 905 | _a8352 | ||
| 942 |
_cLIB _2ddc |
||
| 999 |
_c63661 _d63661 |
||